| 000 | 00557nam a2200205 a 4500 | ||
|---|---|---|---|
| 005 | 20230307063552.0 | ||
| 008 | 030408s2002 mx r 000 0 spa d | ||
| 020 | _a8430604367 | ||
| 035 | _aUPN01000123652 | ||
| 049 | _aCG | ||
| 050 | 4 |
_aHQ1090 _bC5.38 |
|
| 100 | 1 | _aClare, Anthony | |
| 245 | 1 | 0 |
_aHombres : _bLa masculinidad en crisis / _cAnthony Clare ; tr. de Irene Cifuentes. |
| 260 |
_aSantafé de Bogotá : _bTaurus, _c2002. |
||
| 300 | _a366 p. | ||
| 440 | 0 | _aPensamiento | |
| 650 | 4 | _aHOMBRE | |
| 650 | 4 |
_aMasculinidad _914713 |
|
| 905 | _aLibro | ||
| 999 |
_c95831 _d95831 |
||